000 00467nam a2200157Ia 4500
005 20250508155435.0
008 008 250505s9999 xx 000 0 eng d
037 _aBooks to be hide in OPAC
040 _aFEDL
_beng
_cFEDL
041 _aeng
_2eng
084 _a510, NAV/O
_qFEDL
245 0 _aPrep-Text mathematics series Vol. 3 and 4
260 _aWashington, USA
_bBureau of Naval Personnel
942 _cHB
_h510, NAV/O
999 _c1356912
_d1356912